Co-Production and Co-Creation Engaging Citizens in Public Services
Enregistré dans:
| Autres auteurs: | , , |
|---|---|
| Format: | Livre |
| Langue: | anglais |
| Publié: |
Abingdon
Routledge/Taylor & Francis Group
2018
|
| Édition: | 1st Edition |
| Sujets: | |
| Tags: |
Pas de tags, Soyez le premier à ajouter un tag!
|
MARC
| LEADER | 00000nam a2200000 4500 | ||
|---|---|---|---|
| 001 | 0304416 | ||
| 005 | 20250102113036.3 | ||
| 020 | |a 978-0-367-73501-2 | ||
| 020 | |a 978-1-138-70011-6 | ||
| 041 | 0 | |a eng | |
| 044 | |a GB | ||
| 245 | 1 | 0 | |a Co-Production and Co-Creation |b Engaging Citizens in Public Services |c Edited by Taco Brandsen, Trui Steen and Bram Verschuere |
| 250 | |a 1st Edition | ||
| 264 | 1 | |a Abingdon |b Routledge/Taylor & Francis Group |c 2018 | |
| 300 | |a 308 s. | ||
| 610 | 2 | 0 | |a správa verejná |
| 610 | 2 | 0 | |a služby verejné |
| 610 | 2 | 0 | |a občania |
| 700 | 1 | |a Brandsen, Taco | |
| 700 | 1 | |a Steen, Trui | |
| 700 | 1 | |a Verschuere, Bram | |